Geboren in Offenburg - Statistiken

Allgemein
  • Dieses Quiz wurde 29 mal gespielt
  • Das Durchschnittsergebnis liegt bei 1 aus 5
Antwortstatistiken
Hinweis Antwort % Korrekt
Verlegerin, sie baute nach dem zweiten Weltkrieg einen der größten deutschen Zeitschriftenverlage auf. Spitzname "Königin der Kleider". 1909 Aenne Burda
89%
Arbeitgeberpräsident, Vorsitzender des Bundesverbandes der Deutschen Industrie, er wurde von der RAF entführt und ermordet 1915 Hanns Martin Schleyer
44%
Sängerin, "99 Probleme" "Grund genug" "Schatten ohne Licht" 1995 Madeline Juno
7%
Fußballtrainer der Frauenmannschaft des FC Bayern München 1978 Jens Scheuer
0%
Publizist, früherer Bundestagsabgeordneter, ehemaliger CDU-Politiker und Gründer seiner eigenen Partei 1940 Jürgen Todenhöfer
0%
Keine übereinstimmenden Quizze gefunden
Verteilung der Resultate
Anzahl Personen mit jedem Resultat
Perzentil nach korrekt beantworteten Fragen
Ihre Resultats-Entwicklung
Sie haben dieses Quiz noch nicht gespielt